Google Apps Education aneb i školy musejí šetřit

Oboznámenie sa so súborom webových aplikácií a služieb Google Apps pre školy. Hlavné kritéria použiteľnosti pre čo najširšie spektrum škôl, komplexnosť a modernosť. Základné varianty bezplatnej školskej verzie.

Gespeichert in:
Bibliographische Detailangaben
1. Verfasser: Vohradský, Jiří
Format: Buchkapitel
Sprache:Tschechisch
Schlagworte:
Tags: Tag hinzufügen
Keine Tags, Fügen Sie das erste Tag hinzu!

MARC

LEADER 00000naa a2200000 4500
001 0128570
005 20231114073653.8
041 0 |a cze 
044 |a SK 
245 1 0 |a Google Apps Education aneb i školy musejí šetřit  |c Jiří Vohradský 
520 |a Oboznámenie sa so súborom webových aplikácií a služieb Google Apps pre školy. Hlavné kritéria použiteľnosti pre čo najširšie spektrum škôl, komplexnosť a modernosť. Základné varianty bezplatnej školskej verzie. 
610 2 0 |a školstvo 
610 2 0 |a školy 
610 2 0 |a vyučovanie 
610 2 0 |a vzdelávanie elektronické 
610 2 0 |a počítače 
610 2 0 |a komunikácia elektronická 
610 2 0 |a spracovanie textov 
610 2 0 |a informatika 
610 2 0 |a siete dátové 
610 2 0 |a financovanie školstva 
100 1 |a Vohradský, Jiří